00665nam a2200205 a 450000100060000000300080000600500170001400800410003103500190007204000680009104100080015908200260016724500900019326000390028330000210032250000190034365000390036265000270040170000310042830992BD-RjUL20211209051640.0160723s1957 enk b 000 0 eng c a(BD-RjUL)31079 aRochester. Univ. Libr.cPUdOCoLCdUkdOCoLCdDLCdBD-RjULbeng aeng04223a192.082bBRI 195710aBritish philosophy in the mid-century :ba Cambridge symposium /cedited by C A Mace. aLondon :bAllen and Unwin,cc1957. a396 p. ;c22 cm. aIncludes Index 0aPhilosophy, Englishy20th century. 0a Philosophy, English. 1 aMace, C. A.q(Cecil Alec),